000 02515nam a2200313 i 4500
003 OSt
005 20260412115554.0
008 260412s2025 caua grb 001 0 eng
020 _a9781523006960
_cRM 137.40
_qpaperback
040 _aPPAK
_beng
_cPPAK
_erda
082 0 4 _223
_a158
090 0 0 _a158
_bLEI
_dG
100 1 _aLeider, Richard,
_eauthor.
245 1 0 _aThe Power of Purpose :
_bTto Grow and to Give for Life /
_cRichard J. Leider, David A. Shapiro.
250 _a4th Edition
264 1 _aOakland, CA :
_bBerrett-Koehler Publishers, Inc.,
_c[2025]
300 _aviii, 177 pages ;
_c22 cm
336 _atext
_2rdacontent
337 _aunmediated
_2rdamedia
338 _avolume
_2rdacarrier
504 _aIncludes bibliographical references and index.
505 0 _aIntroduction: what is my reason to rise? -- Part I: the purpose presence -- The big "P," little "p" purpose -- The purpose checkup -- The signs of purpose -- Part II: the purpose path -- The purpose quest -- The freedom to choose -- The stages of purpose -- Part III: the purpose practices -- The call -- The purpose recipe -- The purpose moment -- Part IV: the purpose of purpose -- The core purpose -- The purpose communities -- The spirit of purpose -- Manifesto the power of the power of purpose.
520 _a"Legendary personal coach Richard Leider, creator of the "purpose movement" teams, with David Shapiro to bring new stories, new lessons, and an all-new purpose manifesto to a new generation of readers. Purpose is an active expression of our values and our compassion for others-it makes us want to get up in the morning and add value to the world. The Power of Purpose details a graceful, practical, and ultimately spiritual process for making it central to your life. This revitalized guide will help you integrate it into everything you do. This fourth edition has been completely revised and updated. With a new co-author, new stories and examples and resources, it taps into the broader need for purpose in our post-pandemic world. With more than 40% new content, readers will discover new insights on purpose, a new chapter on Becoming a Purposeful Leader, and The Purpose Formula which includes mind-opening questions to help you unlock your purpose and to live a life of meaning and fulfillment"--
_cProvided by publisher.
650 1 0 _aConduct of life.
650 2 0 _aVocation.
650 2 0 _aSelf-realization.
700 1 _aShapiro, David A.,
_d1957-
_eauthor.
942 _2ddc
_cB
999 _c203798
_d203798